Introduction to the use of computer packages for statistical analyses /

Bibliographic Details
Main Author: Moore, Richard W., 1937-
Format: Book
Language:English
Published: Englewood Cliffs, N.J. : Prentice-Hall, [1978]
Subjects:

MARC

Tag First Indicator Second Indicator Subfields
LEADER 00000pam a2200000 i 4500
001 in00000046134
005 20151007065333.0
008 770526s1978 njua b 00010 eng
010 |a  77002717  
020 |a 013480970X 
035 |a (OCoLC)03072721 
035 |9 AAE1785AM 
040 |a DLC  |c DLC  |d TXA  |d UtOrBLW 
049 |a TXAM  |c 1 [118671], 2 [1115257] 
050 0 0 |a QA276.4  |b .M66 
082 0 |a 519.5/028/5 
100 1 |a Moore, Richard W.,  |d 1937- 
245 1 0 |a Introduction to the use of computer packages for statistical analyses /  |c Richard W. Moore. 
264 1 |a Englewood Cliffs, N.J. :  |b Prentice-Hall,  |c [1978] 
264 4 |c ©1978 
300 |a xii, 115 pages :  |b illustrations ;  |c 28 cm. 
336 |a text  |b txt  |2 rdacontent 
337 |a unmediated  |b n  |2 rdamedia 
338 |a volume  |b nc  |2 rdacarrier 
504 |a Includes bibliographical references. 
650 0 |a Mathematical statistics  |x Data processing. 
999 |a MARS 
999 f f |s bd46c2c9-70b4-3709-a992-e6155bdcac23  |i c7e92852-9ae9-346a-bc33-054caf053be6  |t 0 
952 f f |p ric  |a Texas A&M University  |b Rellis Campus  |c Joint Library Facility  |d Remote Storage  |t 0  |e QA276.4 .M66  |h Library of Congress classification  |i unmediated -- volume  |m A14804506699 
998 f f |a QA276.4 .M66  |t 0  |l Remote Storage